Sports Quiz

Random Sports Quiz
Score 0/60 Timer 10:00
0 Plays Today
Record Category Heisman Winner % Correct
Most Total OffenseTy Detmer
100%
Most Yards of Total Offense Gained by a Returning Heisman WinnerTy Detmer
100%
Most Rushing Yards in a SeasonBarry Sanders
100%
Most Rushing Yards Per Game Barry Sanders
100%
Most 300-Yard Games in a SeasonBarry Sanders
100%
Most Rushing TDS in a SeasonBarry Sanders
100%
Most Passing Yardage in a SeasonTy Detmer
100%
Most Passing Yards Gained per GameTy Detmer
100%
Most Passing Yards in a GameTy Detmer
100%
Most Passing Yards in a Game by a Returning Heisman WinnerTy Detmer
100%
Most Season Receptions Desmond Howard
100%
Most Season Receiving YardageDesmond Howard
100%
Most Season Touchdown ReceptionsDesmond Howard
100%
Most Touchdown Receptions in a GameDesmond Howard
100%
Most Receiving Yards in a GameDesmond Howard
100%
Most 100-Yard Receiving Games in a SeasonDesmond Howard
100%
Most Touchdowns Scored Barry Sanders
100%
Most Touchdowns Scored in a Bowl GameBarry Sanders
100%
Most All-Purpose Yardage in a SeasonBarry Sanders
100%
Most Total Offense Average Per GameAndre Ware
87.5%
Most Yards of Total Offense Gained in One GameLamar Jackson
87.5%
Most Yards of Total Offense Gained in One HalfAndre Ware
87.5%
Passed for 3000 Yards, Rushed for 1000 Yards in a SeasonLamar Jackson
87.5%
Most Yards in a Bowl GameTim Tebow
87.5%
Most Yards Per PlayBaker Mayfield
87.5%
Most Yards Per Play in One GameBaker Mayfield
87.5%
Most Yards Gained by a QuarterbackLamar Jackson
87.5%
Most Consecutive 300-Yard Games in a Season Ricky Williams
87.5%
Most Yards Gained in One GameRicky Williams
87.5%
Most Yards per Pass AttemptBaker Mayfield
87.5%
Record Category Heisman Winner % Correct
Most Pass Attempts in a SeasonAndre Ware
87.5%
Most Pass Attempts per Game in a SeasonAndre Ware
87.5%
Most Completions in a SeasonAndre Ware
87.5%
Most Completions per Game in a SeasonAndre Ware
87.5%
Most Touchdown Passes in a SeasonSam Bradford
87.5%
Most Touchdown Passes per GameAndre Ware
87.5%
Highest Pass Efficiency Rating Baker Mayfield
87.5%
Most Passing Yards in a Bowl GameTim Tebow
87.5%
Most Touchdown Passes in a GameAndre Ware
87.5%
Most Total Touchdowns in a SeasonSam Bradford
87.5%
Most Touchdowns Scored in One GameRicky Williams
87.5%
At least 30 Touchdown Passes and 20 Touchdown Rushes Lamar Jackson
87.5%
Most 500-Yard Games of Total Offense in One Season (including bowl game)Johnny Manziel
75%
Most 200-Yard Games in a SeasonMarcus Allen
75%
Most Carries in a SeasonMarcus Allen
75%
Most Carries per Game,SeasonMarcus Allen
75%
Most Touchdown Passes in a Bowl GameMatt Leinart
75%
Most Rushing Yards in a Bowl GameCharles White
62.5%
Highest Completion PercentageRobert Griffin III
62.5%
Highest Yards per Catch in a GameHerschel Walker
62.5%
Reached 1000 Yards by the Fifth Game (3 answers)Marcus Allen, Barry Sanders, and Ricky Williams
50%
Most Consecutive 200-Yard Games in a Season (Tie)Marcus Allen and Barry Sanders
50%
Longest Rush Terry Baker
50%
Most Rushing Yards in a Game by a Returning Heisman WinnerBilly Sims
50%
Passed for 2000 Yards, Rushed for 1000 Yards in a season (3 way tie)Johnny Manziel, Cam Newton, and Lamar Jackson
37.5%
Most Catches in One Game (three way tie)Desmond Howard, Johnny Rodgers, and Eddie George
37.5%
Most Yards Gained per Carry (min. 215 rushes)Mike Rozier
25%
Most Carries in a GameSteve Owens
25%
At least 20 Touchdown Passes and 20 Touchdown Rushes (three way tie)Tim Tebow, Cam Newton, and Lamar Jackson
25%
Highest Yards per Catch in a SeasonFelix 'Doc' Blanchard
12.5%
Remove Ads.
Support Sporcle.
Get the best of Sporcle when you Go Orange. This ad-free experience offers more features, more stats, and more fun while also helping to support Sporcle. Thank you for becoming a member.

You're not logged in!

Compare scores with friends on all Sporcle quizzes.
OR
Log In

Show Comments

Extras

Created Dec 11, 2018SourceReportNominateIcon Source: Heisman Trophy
Tags:Actual, Category, record, Winner

Top Quizzes Today


Score Distribution

Your Account Isn't Verified!

In order to create a playlist on Sporcle, you need to verify the email address you used during registration. Go to your Sporcle Settings to finish the process.

Report this User

Report this user for behavior that violates our Community Guidelines.

Details: